All the ferry lines from Finland - Statistics

General Stats
  • This quiz has been taken 49 times
  • The average score is 9 of 14
Answer Stats
Company From (City) Answer % Correct
Tallink Silja Line, Viking Line & Eckerö Line Helsinki Tallinn
100%
Tallink Silja Line & Viking Line Mariehamn Tallinn
100%
Tallink Silja Line & Viking Line Helsinki Stockholm
98%
Tallink Silja Line & Viking Line Turku Stockholm
98%
Tallink Silja Line & Viking Line Mariehamn Stockholm
98%
Tallink Silja Line & Viking Line Mariehamn Turku
67%
Tallink Silja Line & Viking Line Helsinki Mariehamn
65%
Viking Line Turku Mariehamn
65%
Tallink Silja Line & Viking Line Mariehamn Helsinki
56%
Finnlines Helsinki Travemünde
30%
Wasaline Vaasa Uumaja
30%
Viking Line Mariehamn Visby
28%
Tallink Silja Line Turku Kapellskar
19%
Tallink Silja Line & Viking Line Turku Långnäs
14%
No matching quizzes found
Score Distribution
Percent of People with Each Score
Percentile by Number Answered
Your Score History
You have not taken this quiz